[Event "Sachsen-Anhalt-ch Seniors 20th"]
[Site "Naumburg"]
[Date "2012.06.05"]
[Round "3"]
[White "Scholz, Gerd"]
[Black "Kirmas, Joachim"]
[Result "1/2-1/2"]
[WhiteElo "1653"]
[BlackElo "1864"]
[PlyCount "33"]
[EventDate "2012.06.03"]
[EventType "swiss"]
[EventRounds "7"]
[EventCountry "GER"]
[SourceTitle "EXT 2013"]
[Source "ChessBase"]
[SourceDate "2012.11.22"]
[SourceVersion "1"]
[SourceVersionDate "2012.11.22"]
[SourceQuality "1"]

1. d4 d5 2. c4 e6 3. Nc3 Nf6 4. e3 Be7 5. Bd3 dxc4 6. Bxc4 0-0 7. Nf3 c6 8. 0-0 Nbd7 9. Bd2 Re8 10. Qc2 Nf8 11. Ne5 c5 12. dxc5 Bxc5 13. Nf3 a6 14. Ne4 Nxe4 15. Qxe4 Qe7 16. Bc3 Bb4 17. Bd4 1/2-1/2

[Event "GER-ch Seniors 23rd"]
[Site "Halle"]
[Date "2011.08.12"]
[Round "8"]
[White "Vogel, Gerhard"]
[Black "Scholz, Gerd"]
[Result "1/2-1/2"]
[WhiteElo "1712"]
[BlackElo "1888"]
[PlyCount "88"]
[EventDate "2011.08.05"]
[EventType "swiss"]
[EventRounds "9"]
[EventCountry "GER"]
[SourceTitle "CBM 144 Extra"]
[Source "ChessBase"]
[SourceDate "2011.10.28"]
[SourceVersion "1"]
[SourceVersionDate "2011.10.28"]
[SourceQuality "1"]

1. e4 c5 2. Nf3 d6 3. d4 cxd4 4. Nxd4 Nf6 5. Nc3 a6 6. Be2 e6 7. Be3 Be7 8. 0-0 0-0 9. Qd2 b5 10. a3 Bb7 11. f3 Nbd7 12. Nb3 Ne5 13. Qd4 Qd7 14. Na5 Nc6 15. Nxc6 Bxc6 16. Rad1 e5 17. Qd3 Rac8 18. Rd2 Rfd8 19. Bb6 Re8 20. Rfd1 Qb7 21. Ba5 Bd8 22. Bb4 Bb6+ 23. Kh1 Bc5 24. Na2 Qe7 25. Ba5 d5 26. exd5 Nxd5 27. Bf1 Qg5 28. Re2 Nf4 29. Bd2 Nxd3 30. Bxg5 Nf2+ 31. Rxf2 Bxf2 32. Nb4 f6 33. Bc1 Bb7 34. Bd3 Red8 35. Rf1 Bc5 36. Bf5 Rc7 37. h3 g6 38. Be6+ Kf8 39. Bb3 Rcd7 40. Bh6+ Ke7 41. Nd3 Bb6 42. Re1 Bd5 43. Nb4 Bb7 44. Nd3 Bd5 1/2-1/2

[Event "GER-ch Seniors 23rd"]
[Site "Halle"]
[Date "2011.08.05"]
[Round "1"]
[White "Scholz, Gerd"]
[Black "Neese, Hans Joachim"]
[Result "1/2-1/2"]
[WhiteElo "1888"]
[BlackElo "2208"]
[PlyCount "56"]
[EventDate "2011.08.05"]
[EventType "swiss"]
[EventRounds "9"]
[EventCountry "GER"]
[SourceTitle "CBM 144 Extra"]
[Source "ChessBase"]
[SourceDate "2011.10.28"]
[SourceVersion "1"]
[SourceVersionDate "2011.10.28"]
[SourceQuality "1"]

1. d4 Nf6 2. c4 e6 3. Nc3 b6 4. f3 d5 5. e4 c6 6. Bd3 Nbd7 7. Nge2 Bb7 8. 0-0 dxc4 9. Bxc4 Be7 10. Be3 0-0 11. Qc2 Re8 12. Rad1 Nf8 13. Nf4 Qc7 14. Bb3 Rad8 15. e5 N6d7 16. Nce2 Rc8 17. Ng3 c5 18. Rc1 Qb8 19. Qf2 cxd4 20. Bxd4 Nxe5 21. Qe3 Neg6 22. Nfh5 e5 23. Nf5 Ne6 24. Nxe7+ Rxe7 25. Bc3 Ngf4 26. Bxe5 Nc5 27. Bxb8 Rxe3 28. Bxf4 Re2 1/2-1/2

[Event "GER-ch Seniors-A 20th"]
[Site "Erfurt"]
[Date "2008.08.10"]
[Round "6"]
[White "Scholz, Gerd"]
[Black "Nietsch, Horst"]
[Result "1/2-1/2"]
[WhiteElo "1661"]
[BlackElo "1829"]
[PlyCount "87"]
[EventDate "2008.08.05"]
[EventType "swiss"]
[EventRounds "9"]
[EventCountry "GER"]
[SourceTitle "CBM 126 Extra"]
[Source "ChessBase"]
[SourceDate "2008.11.05"]
[SourceVersion "1"]
[SourceVersionDate "2008.11.05"]
[SourceQuality "1"]

1. d4 c5 2. e3 e6 3. Nf3 Nf6 4. c4 b6 5. Nc3 Bb7 6. d5 exd5 7. cxd5 d6 8. Bb5+ Nbd7 9. 0-0 Be7 10. e4 0-0 11. a3 a6 12. Bc4 Ng4 13. Bf4 Nge5 14. Nxe5 Nxe5 15. Bxe5 dxe5 16. Qh5 Bg5 17. Rad1 g6 18. Qe2 Qd6 19. Rd3 Bc8 20. h3 Ra7 21. Qf3 Bf4 22. Ne2 Bh6 23. Qg3 f5 24. exf5 Bxf5 25. Rf3 Bg7 26. Bd3 Qxd5 27. Bxf5 gxf5 28. Nc3 Qe6 29. Rd3 Rd7 30. Rxd7 Qxd7 31. Rd1 Qe6 32. Qd3 e4 33. Qxa6 e3 34. fxe3 Qxe3+ 35. Kh1 Be5 36. Qc4+ Kh8 37. Qh4 Bg3 38. Qc4 Re8 39. Rf1 Be5 40. Qh4 Bd4 41. Nd5 Qe2 42. Qf4 Rg8 43. Qf3 Qxb2 44. Ne7 1/2-1/2

[Event "GER-ch Seniors-A 20th"]
[Site "Erfurt"]
[Date "2008.08.06"]
[Round "2"]
[White "Scholz, Gerd"]
[Black "Kluger, Hans Peter"]
[Result "1/2-1/2"]
[WhiteElo "1661"]
[BlackElo "1772"]
[PlyCount "33"]
[EventDate "2008.08.05"]
[EventType "swiss"]
[EventRounds "9"]
[EventCountry "GER"]
[SourceTitle "CBM 126 Extra"]
[Source "ChessBase"]
[SourceDate "2008.11.05"]
[SourceVersion "1"]
[SourceVersionDate "2008.11.05"]
[SourceQuality "1"]

1. d4 d5 2. c4 c6 3. Nf3 Nf6 4. e3 Bg4 5. Be2 Bxf3 6. gxf3 Nbd7 7. Nc3 e5 8. cxd5 cxd5 9. Bb5 Bb4 10. dxe5 Bxc3+ 11. bxc3 Qa5 12. exf6 Qxb5 13. fxg7 Rg8 14. Qd4 Nc5 15. Kd2 0-0-0 16. Kc2 b6 17. Ba3 1/2-1/2

[Event "GER-ch Seniors Gp-A 19th"]
[Site "Templin"]
[Date "2007.08.25"]
[Round "3"]
[White "Merettig, Georg"]
[Black "Scholz, Gerd"]
[Result "1/2-1/2"]
[WhiteElo "1825"]
[BlackElo "1636"]
[PlyCount "70"]
[EventDate "2007.08.23"]
[EventType "swiss"]
[EventRounds "9"]
[EventCountry "GER"]
[SourceTitle "EXT 2022"]
[Source "ChessBase"]
[SourceDate "2021.10.06"]
[SourceVersion "1"]
[SourceVersionDate "2021.10.06"]
[SourceQuality "1"]

1. Nc3 e6 2. f4 d5 3. e4 dxe4 4. Nxe4 Nf6 5. Ng3 Bc5 6. c3 0-0 7. d4 Bb6 8. Nf3 c5 9. Qd3 cxd4 10. Nxd4 Re8 11. Be3 e5 12. fxe5 Rxe5 13. 0-0-0 Bg4 14. Bf4 Ra5 15. Be2 Rxa2 16. Qb1 Ra4 17. b3 Rxd4 18. cxd4 Bxe2 19. Nxe2 Na6 20. Rd2 Nb4 21. Rhd1 Ba5 22. Kb2 Nfd5 23. Qf5 Rc8 24. Bg5 Qe8 25. Nf4 Ne3 26. Qxa5 Nxd1+ 27. Rxd1 Qe4 28. Rd2 Rc2+ 29. Rxc2 Qxc2+ 30. Ka3 Nc6 31. Qe1 h6 32. Bh4 Nxd4 33. Qe3 Qc5+ 34. Kb2 Qc2+ 35. Ka3 Qc5+ 1/2-1/2

[Event "Niedersachsen-ch Seniors op 10th"]
[Site "Bad Bevensen"]
[Date "2007.07.05"]
[Round "3"]
[White "Mann, Klaus Dieter"]
[Black "Scholz, Gerd"]
[Result "1-0"]
[WhiteElo "1857"]
[BlackElo "1667"]
[PlyCount "119"]
[EventDate "2007.07.03"]
[EventType "swiss"]
[EventRounds "9"]
[EventCountry "GER"]
[SourceTitle "EXT 2022"]
[Source "ChessBase"]
[SourceDate "2021.10.06"]
[SourceVersion "1"]
[SourceVersionDate "2021.10.06"]
[SourceQuality "1"]

1. e4 c5 2. Nf3 d6 3. d4 cxd4 4. Nxd4 Nf6 5. Nc3 a6 6. Be2 e6 7. 0-0 b5 8. a3 Bb7 9. Bd3 Be7 10. Be3 Nbd7 11. f3 0-0 12. Qd2 Ne5 13. Rfd1 Qc7 14. Bf2 Rfd8 15. Qe2 Nc4 16. Bxc4 Qxc4 17. Nb3 Qxe2 18. Nxe2 Rac8 19. c3 d5 20. e5 Ne8 21. Ned4 Rd7 22. f4 g6 23. g4 Ng7 24. Re1 Bd8 25. h3 Ba8 26. Kh2 Rb7 27. Rac1 a5 28. Rg1 a4 29. Nd2 Bb6 30. N2f3 Bd8 31. Rce1 Bb6 32. Rg2 Rbb8 33. Be3 Bc6 34. f5 exf5 35. gxf5 Bd7 36. e6 fxe6 37. fxg6 Bc7+ 38. Kh1 e5 39. gxh7+ Kxh7 40. Ng5+ Kg8 41. Nde6 Nxe6 42. Nxe6+ Kf7 43. Rf1+ Ke7 44. Nc5 Rg8 45. Nxd7 Kxd7 46. Rf7+ Kc6 47. Bg5 Rbf8 48. Rxf8 Rxf8 49. h4 Rf1+ 50. Kh2 e4+ 51. Kh3 Bb6 52. Re2 Rf2 53. Rxf2 Bxf2 54. Kg2 e3 55. Kf3 Kd6 56. h5 Ke6 57. Bxe3 Bh4 58. Kg4 Bf6 59. h6 Kf7 60. Kf5 1-0

[Event "GER-ch Seniors 18th"]
[Site "Dresden"]
[Date "2006.07.28"]
[Round "7"]
[White "Scholz, Gerd"]
[Black "Will, Michael"]
[Result "1/2-1/2"]
[WhiteElo "1712"]
[BlackElo "1736"]
[PlyCount "56"]
[EventDate "2006.07.22"]
[EventType "swiss"]
[EventRounds "9"]
[EventCountry "GER"]
[SourceTitle "EXT 2022"]
[Source "ChessBase"]
[SourceDate "2021.10.06"]
[SourceVersion "1"]
[SourceVersionDate "2021.10.06"]
[SourceQuality "1"]

1. d4 d5 2. c4 e6 3. Nc3 Nf6 4. Bg5 Be7 5. Nf3 c6 6. e3 Nbd7 7. Bd3 dxc4 8. Bxc4 Nb6 9. Bb3 Nfd5 10. Bxe7 Qxe7 11. 0-0 0-0 12. Re1 g6 13. e4 Nxc3 14. bxc3 Rd8 15. Qc2 Qc7 16. c4 Bd7 17. c5 Nc8 18. Qd2 Be8 19. e5 Ne7 20. g4 Kg7 21. Qg5 Ng8 22. h4 Qe7 23. Qf4 Rd7 24. h5 Rad8 25. hxg6 hxg6 26. g5 Rc7 27. Kg2 b6 28. cxb6 axb6 1/2-1/2

[Event "GER-ch Seniors 18th"]
[Site "Dresden"]
[Date "2006.07.27"]
[Round "6"]
[White "Pietrek, Gerhard"]
[Black "Scholz, Gerd"]
[Result "0-1"]
[WhiteElo "1564"]
[BlackElo "1712"]
[PlyCount "63"]
[EventDate "2006.07.22"]
[EventType "swiss"]
[EventRounds "9"]
[EventCountry "GER"]
[SourceTitle "EXT 2022"]
[Source "ChessBase"]
[SourceDate "2021.10.06"]
[SourceVersion "1"]
[SourceVersionDate "2021.10.06"]
[SourceQuality "1"]

1. Nf3 d5 2. b3 Nf6 3. Bb2 e6 4. e3 b6 5. c4 c5 6. cxd5 exd5 7. d4 Be7 8. Nbd2 0-0 9. Bd3 Ba6 10. Qc2 Bxd3 11. Qxd3 Nc6 12. a3 Qd7 13. Rc1 cxd4 14. Nxd4 Nxd4 15. Qxd4 Bc5 16. Qd3 Qe6 17. b4 Be7 18. 0-0 Rfc8 19. Nf3 Qe4 20. Qb3 Qg4 21. Ne5 Qh4 22. h3 Bd6 23. Nc6 Ne4 24. Qd3 Rc7 25. Qd4 Nf6 26. Rc2 Rac8 27. Rfc1 Kh8 28. Qd3 Ne4 29. Nd4 Rxc2 30. Rxc2 Rxc2 31. Qxc2 h6 32. Nf3 0-1

[Event "GER-ch Seniors 18th"]
[Site "Dresden"]
[Date "2006.07.22"]
[Round "1"]
[White "Scholz, Gerd"]
[Black "Weber, Bernd"]
[Result "0-1"]
[WhiteElo "1712"]
[BlackElo "2084"]
[PlyCount "70"]
[EventDate "2006.07.22"]
[EventType "swiss"]
[EventRounds "9"]
[EventCountry "GER"]
[SourceTitle "EXT 2022"]
[Source "ChessBase"]
[SourceDate "2021.10.06"]
[SourceVersion "1"]
[SourceVersionDate "2021.10.06"]
[SourceQuality "1"]

1. d4 Nf6 2. c4 e6 3. Nc3 Bb4 4. a3 Bxc3+ 5. bxc3 c5 6. f3 d6 7. e4 e5 8. d5 Nbd7 9. Bd3 Nf8 10. Ne2 Ng6 11. 0-0 0-0 12. Be3 Qe7 13. Ng3 Re8 14. Bd2 Nf8 15. h3 Qc7 16. f4 exf4 17. Bxf4 Ng6 18. Bg5 Nd7 19. Nh5 f6 20. Bf4 Nde5 21. Bxe5 Nxe5 22. Rf4 Qf7 23. Ng3 Re7 24. Rf1 Bd7 25. Nf5 Bxf5 26. Rxf5 Qe8 27. Rf4 Qg6 28. Rf5 Rae8 29. Be2 Qg3 30. Rf4 Qg5 31. Qe1 Ng6 32. Rg4 Qe3+ 33. Qf2 Rxe4 34. Qxe3 Rxe3 35. Bf3 Rxc3 0-1

[Event "Mecklenburg VP-ch Seniors 03rd"]
[Site "Plau am See"]
[Date "2003.10.06"]
[Round "1"]
[White "Scholz, Gerd"]
[Black "Doehner, Hans Juergen"]
[Result "0-1"]
[WhiteElo "1727"]
[BlackElo "2171"]
[PlyCount "26"]
[EventDate "2003.10.??"]
[EventType "swiss"]
[EventRounds "9"]
[EventCountry "GER"]
[SourceTitle "EXT 2006"]
[Source "ChessBase"]
[SourceDate "2005.11.24"]
[SourceVersion "1"]
[SourceVersionDate "2005.11.24"]
[SourceQuality "1"]

1. d4 d5 2. c4 c6 3. e3 Nf6 4. Nc3 Bf5 5. Bd3 Bg6 6. Bxg6 hxg6 7. cxd5 cxd5 8. Nge2 Nc6 9. 0-0 e6 10. b3 Qd7 11. Bb2 0-0-0 12. a4 Kb8 13. Ba3 Bxa3 0-1